Ricardo Piglia: un narrador de historias clandestinas
Saved in:
| Main Author: | |
|---|---|
| Format: | Book |
| Language: | Spanish |
| Published: |
Mar del Plata
Estanislao Balder
2003
|
| Edition: | 1a. ed |
| Series: | Crítica
|
| Subjects: | |
| Tags: |
Add Tag
No Tags, Be the first to tag this record!
|
MARC
| LEADER | 00000nam a2200000 a 4500 | ||
|---|---|---|---|
| 001 | UCJ1324 | ||
| 003 | CL-VaPUC | ||
| 008 | 061013e20030000AG |||||||||||||||||spa|d | ||
| 020 | |a 9875440809 | ||
| 082 | 0 | 4 | |a Ar860.9 |b BER |2 21 |
| 100 | 0 | |a Berg, Edgardo H |e author |9 501903 | |
| 245 | 1 | 0 | |a Ricardo Piglia: un narrador de historias clandestinas |
| 250 | |a 1a. ed | ||
| 300 | |a 201 p | ||
| 942 | |c BK | ||
| 945 | |d 20061013 00:00:00 |a cmena | ||
| 260 | |a Mar del Plata |b Estanislao Balder |c 2003 | ||
| 600 | 0 | 7 | |a PIGLIA, RICARDO |2 CL-VaPUC |9 493172 |
| 650 | 0 | |a Literatura argentina |9 320596 | |
| 650 | 0 | |a Crítica e interpretación literaria |9 266284 | |
| 650 | 7 | |a RELATOS ARGENTINOS |2 CL-VaPUC |9 501904 | |
| 583 | |a last modification |c 20061013 00:00:00 |k Rodrigo Vera | ||
| 490 | 0 | |a Crítica | |
| 999 | |c 317945 |d 317943 | ||
| 952 | |0 0 |1 0 |4 0 |6 AR_860_900000000000000_BER_2003 |7 0 |8 A |9 395061 |a FDOPOS |b FDOPOS |d 2019-11-22 |i 4282051 |o Ar860.9 BER 2003 |p 4282051 |r 2025-01-22 |w 2019-11-22 |y BK |k MLH | ||